00718pam a2200229 a 4500001000800000005001700008008004100025010001700066020002900083040001800112041000800130080001400138082002100152100000700173101000900180245005800189504005100247906004500298942001200343999001700355952011600372184301720180117035514.0810831s1981 gw a b 001 0 eng  a 81014459  a0387110461 (U.S. : pbk.) aDLCcDLCdDLC aeng a001.6424 00a001.6424 CLO2191 a30 aSHKI10aProgramming in Prolog /cW.F. Clocksin, C.S. Mellish. aIncludes bibliographical references and index. a7bcbccorignewd1eocipf19gy-gencatlg 2ddccBK c40407d40407 00102udc40708PËKGa002b002cPËKGd2018-01-17l0o001.6424 CLOp002-2995682r2018-01-17w2018-01-17yBK